<?xml version="1.0" encoding="UTF-8"?>
<record
    xmlns:xsi="http://www.w3.org/2001/XMLSchema-instance"
    xsi:schemaLocation="http://www.loc.gov/MARC21/slim http://www.loc.gov/standards/marcxml/schema/MARC21slim.xsd"
    xmlns="http://www.loc.gov/MARC21/slim">

  <leader>00708nam a2200157Ia 4500</leader>
  <controlfield tag="008">090123s9999    xx            000 0 und d</controlfield>
  <datafield tag="082" ind1=" " ind2=" ">
    <subfield code="b">36296</subfield>
  </datafield>
  <datafield tag="245" ind1=" " ind2=" ">
    <subfield code="a">"&#x91A;&#x93E;&#x902;&#x917;&#x926;&#x947;&#x935; &#x91A;&#x924;&#x941;&#x937;&#x94D;&#x91F;&#x94D;&#x92F;&#x93E;&#x938;&#x902;&#x92C;&#x902;&#x927;&#x940; &#x92C;&#x93F;&#x922;&#x93E;&#x930; &#x939;&#x942;&#x932; &#x91C;&#x930;&#x940;&#x932;&#x93E;,&#x91D;&#x942;&#x932;"</subfield>
  </datafield>
  <datafield tag="250" ind1=" " ind2=" ">
    <subfield code="a">1</subfield>
  </datafield>
  <datafield tag="260" ind1=" " ind2=" ">
    <subfield code="b">&#x936;&#x92C;&#x94D;&#x926;&#x93E;&#x932;&#x92F; &#x92A;&#x94D;&#x930;&#x915;&#x93E;&#x936;&#x928;</subfield>
    <subfield code="c">2001</subfield>
  </datafield>
  <datafield tag="300" ind1=" " ind2=" ">
    <subfield code="a">291</subfield>
  </datafield>
  <datafield tag="630" ind1=" " ind2=" ">
    <subfield code="a">"&#x91A;&#x93E;&#x902;&#x917;&#x926;&#x947;&#x935; &#x91A;&#x924;&#x941;&#x937;&#x94D;&#x91F;&#x94D;&#x92F;&#x93E;&#x938;&#x902;&#x92C;&#x902;&#x927;&#x940; &#x92C;&#x93F;&#x922;&#x93E;&#x930; &#x939;&#x942;&#x932; &#x91C;&#x930;&#x940;&#x932;&#x93E;,&#x91D;&#x942;&#x932;"</subfield>
  </datafield>
  <datafield tag="700" ind1=" " ind2=" ">
    <subfield code="a">&#x917;&#x935;&#x938; &#x930;&#x93E;&#x91C;&#x928;</subfield>
  </datafield>
  <datafield tag="730" ind1=" " ind2=" ">
    <subfield code="a">"&#x91A;&#x93E;&#x902;&#x917;&#x926;&#x947;&#x935; &#x91A;&#x924;&#x941;&#x937;&#x94D;&#x91F;&#x94D;&#x92F;&#x93E;&#x938;&#x902;&#x92C;&#x902;&#x927;&#x940; &#x92C;&#x93F;&#x922;&#x93E;&#x930; &#x939;&#x942;&#x932; &#x91C;&#x930;&#x940;&#x932;&#x93E;,&#x91D;&#x942;&#x932;"</subfield>
  </datafield>
  <datafield tag="942" ind1=" " ind2=" ">
    <subfield code="c">BOOK</subfield>
  </datafield>
  <datafield tag="999" ind1=" " ind2=" ">
    <subfield code="c">74364</subfield>
    <subfield code="d">74364</subfield>
  </datafield>
  <datafield tag="952" ind1=" " ind2=" ">
    <subfield code="0">0</subfield>
    <subfield code="1">0</subfield>
    <subfield code="4">0</subfield>
    <subfield code="7">0</subfield>
    <subfield code="a">KALWAJAWAH</subfield>
    <subfield code="b">KALWAJAWAH</subfield>
    <subfield code="d">2004-02-26</subfield>
    <subfield code="g">375.00</subfield>
    <subfield code="l">0</subfield>
    <subfield code="o">36296</subfield>
    <subfield code="p">KLW-36296</subfield>
    <subfield code="r">2009-01-23 00:00:00</subfield>
    <subfield code="v">375.00</subfield>
    <subfield code="w">2009-01-23</subfield>
    <subfield code="y">BOOK</subfield>
  </datafield>
</record>
